000 00577nam a2200193Ia 4500
008 151119s9999||||xx |||||||||||||| ||und||
082 _a428
082 _bGKKV23915
100 _aदेशपांडे माधव
245 _aआंग्ल संभाषणकला
260 _a--
260 _b--
260 _c0
600 _aदेशपांडे माधव
630 _aआंग्ल संभाषणकला
700 _aदेशपांडे माधव
730 _aआंग्ल संभाषणकला
942 _cBOOK
999 _c1076527
_d1076524